Statistiques concernant Races non-humaines dans Doctor Who

Cliquez ici pour prendre le quiz!

Statistiques générales

  • Ce quiz a été pris 201 fois
  • Le résultat moyen est 8 sur 13

Statistiques - réponses

Réponse% Correct
Cybermen
96%
Daleks
90%
silence
85%
Anges pleureurs
84%
Oods
80%
Sontariens
65%
Judoons
58%
Zygons
49%
Raxacoricofallapatoriens (Slitheens)
47%
Siluriens
41%
Guerriers de glace
30%
Autons
24%
sœurs de la plénitude
6%

Distribution des résultats

Percentile par nombre de réponses

% des personnes avec chaque résultat

Votre développement - résultats

Vous n’avez pas pris ce quiz